| 000 | 00854 a2200241 4500 | ||
|---|---|---|---|
| 999 |
_c7081 _d7081 |
||
| 020 | _a155778776X (cloth) | ||
| 020 | _a1557787778 (pbk. : alk. paper) | ||
| 050 | 0 | 0 | _aBL2463.REL 1999 |
| 100 |
_aWalsh, Thomas _eeditor |
||
| 245 | 0 | 0 |
_aReligion and social transformation in southern Africa / _ceditors, Thomas G. Walsh, Frank Kaufmann. |
| 250 | _a1st ed. | ||
| 264 |
_aMinnesota : _bParagon House., _c1999 |
||
| 300 | _axx, 244 p. ; | ||
| 500 | _alncludes index | ||
| 650 | 0 | _aReligion and sociology | |
| 650 | 0 |
_aProgress _xReligious aspects |
|
| 651 | 0 | _aAfrica, Southern | |
| 700 | 1 | _aWalsh, Thomas G. | |
| 700 | 1 |
_aKaufmann, Frank, _d1952- |
|
| 942 |
_2lcc _cBK _h2463 _iREG _kBL |
||